| 000 | 00447nam a22001217a 4500 | ||
|---|---|---|---|
| 999 |
_c18745 _d18745 |
||
| 008 | 210205b xxu||||| |||| 00| 0 eng d | ||
| 050 |
_aGMB0864 _b.L86 2015 c.1 |
||
| 100 | _aLunani, Robert | ||
| 245 |
_aThe role of competitive advantage on KCSE performance in Kenya _ba case of public secondary schools in Bungoma county _cRobert Lunani |
||
| 260 |
_aKabarak, Nakuru, Kenya _bKabarak University _c2015 |
||
| 300 | _a83 leaves | ||
| 942 |
_2lcc _cTHE |
||